| 000 | 01766nas a2200277Ia 4500 | ||
|---|---|---|---|
| 001 | R050-S2700 | ||
| 003 | IT-CnALBA | ||
| 008 | 170116c99999999xx |||||||||||| ||und|| | ||
| 040 |
_aIT-CnALBA _cIT-CnALBA |
||
| 041 | _aITALIANO | ||
| 100 | _aPASINI GIUSEPPE | ||
| 210 | _aITALIA CARITAS | ||
| 222 | _aITALIA CARITAS | ||
| 245 | 0 | _aITALIA CARITAS. APRILE 1993. GIOVANI SENZA FRETTA DI CRESCERE. | |
| 250 | _a1a ed. | ||
| 260 |
_a ROMA _bCARITAS ITALIANA _c1993 [1° Ed.:1993 - Ed.Ling.Originale: 1993] |
||
| 300 | _a32 p. | ||
| 310 | _aMENSILE | ||
| 362 | _aFascicolo: 4 / Anno: 26 (1993) | ||
| 500 | _aRISURREZIONE E SPERANZA. EX JUGOSLAVIA, ORA BASTA. MASSACRO ASSURDO, ROMAGNOLI A. DISOCCUPATI, CIFRE DA BRIVIDO, AREE DISAGIO E POVERTÀ, NELLA CEE, DISOCCUPAZIONE. CIPRIANI P. DATI JARD SU GIOVANI OGGI, NEGATO IL DIRITTO ALLO STUDIO? POLITICA PER POLITICI SOLO? RICCI S. GLI STUDENTI STRANIERI. CARI MAFIOSI, DONNE SCRIVONO. MARTIRANI G. MAFIA E NONVIOLENZA, CIPRIANI D. I SANTI MILITARI. DOVE VA LA COOPERAZIONE INTERNAZIONALE. MURI DA ABBATTERE, AVS E IMPEGNO POLITICO. | ||
| 501 | _aSocietà San Paolo EM - Piazza San Paolo, 14 - 12051 ALBA (CN) (non commercial uses only) ® Copyright 2017 | ||
| 520 | _aRISURREZIONE E SPERANZA. EX JUGOSLAVIA, ORA BASTA. MASSACRO ASSURDO, ROMAGNOLI A. DISOCCUPATI, CIFRE DA BRIVIDO, AREE DISAGIO E POVERTÀ, NELLA CEE, DISOCCUPAZIONE. CIPRIANI P. DATI JARD SU GIOVANI OGGI, NEGATO IL DIRITTO ALLO STUDIO? POLITICA PER POLITICI SOLO? RICCI S. GLI STUDENTI STRANIERI. CARI MAFIOSI, DONNE SCRIVONO. MARTIRANI G. MAFIA E NONVIOLENZA, CIPRIANI D. I SANTI MILITARI. DOVE VA LA COOPERAZIONE INTERNAZIONALE. MURI DA ABBATTERE, AVS E IMPEGNO POLITICO. | ||
| 650 | _aECCLESIOLOGIA | ||
| 942 | _cCR | ||
| 957 | _71 | ||
| 999 |
_a64590 _bNO _g1 _c331288 _d331288 |
||